000 00678nab a2200193 4500
001 244442
003 OSt
005 20241016082912.0
007 tu
008 200917s2020|||||||
040 _aDE-2950
_cDE-2950
245 0 0 _aNato-Experten diskutieren mit Frankfurtern über Krieg
_bDebatte. Mit "Zeitenwende on tour" warb der Leiter der Münchener Sicherheitskonferenz für Aufrüstung und die "Stärke des Rechts", als Weg zum Frieden/
_cLeonard Palm
264 _c2024
653 _aFrankfurt (Oder)
653 _aDiskussionsrunde
653 _aZeitenwende
773 0 _g35. Jahrgang (2024) Nr. 277 vom 12.10.2024, S. 17 mit Foto
_tMärkische Oderzeitung
942 _2z
_cA
999 _c373416
_d373416